Emergence: the connected lives of ants, brains, cities, and software (Record no. 4141)

000 -LEADER
fixed length control field 00949 a2200229 4500
020 ## - INTERNATIONAL STANDARD BOOK NUMBER
International Standard Book Number 0-684-86875-X
040 ## - CATALOGING SOURCE
Original cataloging agency DLC
Language of cataloging DLC
082 00 - DEWEY DECIMAL CLASSIFICATION NUMBER
Classification number 003.7
100 1# - MAIN ENTRY--PERSONAL NAME
Personal name Johnson, Steven,
245 10 - TITLE STATEMENT
Title Emergence: the connected lives of ants, brains, cities, and software
Remainder of title the connected lives of ants, brains, cities, and software
Statement of responsibility, etc. Steven Johnson
260 ## - PUBLICATION, DISTRIBUTION, ETC.
Place of publication, distribution, etc. New York :
Name of publisher, distributor, etc. Scribner,
Date of publication, distribution, etc. cop. 2001
300 ## - PHYSICAL DESCRIPTION
Extent 288 s. :
Other physical details ill., map ;
Dimensions 25 cm.
650 #7 - SUBJECT ADDED ENTRY--TOPICAL TERM
Topical term or geographic name entry element Sj�lvorganiserande system
650 #7 - SUBJECT ADDED ENTRY--TOPICAL TERM
Topical term or geographic name entry element Self-organizing systems.
650 #7 - SUBJECT ADDED ENTRY--TOPICAL TERM
Topical term or geographic name entry element Swarm intelligence.
650 #7 - SUBJECT ADDED ENTRY--TOPICAL TERM
Topical term or geographic name entry element Systems engineering.
650 #7 - SUBJECT ADDED ENTRY--TOPICAL TERM
Topical term or geographic name entry element Self-organizing systems
856 42 - ELECTRONIC LOCATION AND ACCESS
Materials specified Publisher description
Uniform Resource Identifier <a href="http://www.loc.gov/catdir/description/simon031/2001032215.html">http://www.loc.gov/catdir/description/simon031/2001032215.html</a>
856 42 - ELECTRONIC LOCATION AND ACCESS
Materials specified Table of contents only
Uniform Resource Identifier <a href="http://www.loc.gov/catdir/enhancements/fy0631/2001032215-t.html">http://www.loc.gov/catdir/enhancements/fy0631/2001032215-t.html</a>
856 42 - ELECTRONIC LOCATION AND ACCESS
Materials specified Sample text
Uniform Resource Identifier <a href="http://www.loc.gov/catdir/enhancements/fy0641/2001032215-s.html">http://www.loc.gov/catdir/enhancements/fy0641/2001032215-s.html</a>
942 ## - ADDED ENTRY ELEMENTS (KOHA)
Koha item type Book
Call number prefix 003.7 JOH
Source of classification or shelving scheme
Holdings
Withdrawn status Lost status Damaged status Not for loan Collection code Permanent Location Current Location Shelving location Date acquired Source of acquisition Cost, normal purchase price Total Checkouts Full call number Barcode Date last seen Date last checked out Price effective from Koha item type
          Central Library (CL) Central Library (CL) First Floor - Computer Science 02/28/2005 Progressive International Agencies 896.74 1 003.7 JOH seecs005321 05/11/2016 11/30/2015 01/05/2017 Book
© 2023 Central Library, National University of Sciences and Technology. All Rights Reserved.